[Event "17. Int. Boeblinger Open"]
[Site "Boeblingen"]
[Date "2000.12.29"]
[Round "6"]
[White "Baramidze, David"]
[Black "Foerster, Bernhard"]
[Result "1-0"]
[WhiteElo "2224"]
[BlackElo "2019"]
[PlyCount "133"]
[EventDate "2000.12.26"]

1. e4 e6 2. d4 d5 3. Nd2 c5 4. exd5 Qxd5 5. Ngf3 cxd4 6. Bc4 Qd6 7. O-O Nf6 8.
Nb3 Nc6 9. Nbxd4 Nxd4 10. Nxd4 a6 11. Bb3 Bd7 12. c3 O-O-O 13. Qf3 Qc7 14. Bg5
Be7 15. Rad1 Qc5 16. Bh4 Kb8 17. Rfe1 Ka8 18. Bg3 Rhe8 19. h3 Bc8 20. Be5 Rg8
21. Bh2 Bd6 22. Bxd6 Rxd6 23. Qg3 Rdd8 24. Re5 Qc7 25. Rde1 Nd7 26. Rg5 Qxg3
27. Rxg3 Kb8 28. f4 g6 29. Rge3 h5 30. R1e2 Nf6 31. Re5 Rge8 32. Kf1 Bd7 33.
Ke1 Rc8 34. c4 Red8 35. Rd2 Be8 36. a3 Nd7 37. Re3 Nb6 38. Rc3 Nd7 39. Re3 Nb6
40. Rc3 Nd7 41. Nf3 Nc5 42. Bc2 a5 43. b3 Bc6 44. g3 Kc7 45. Ne5 Be8 46. Re3
Rxd2 47. Kxd2 Kd6 48. b4 axb4 49. axb4 Na6 50. Kc3 Ke7 51. Be4 Rc7 52. Re1 Nb8
53. Ra1 Nc6 54. Nd3 f6 55. b5 Nb8 56. b6 Rd7 57. Ra8 Na6 58. Rxa6 bxa6 59. b7
Rd8 60. Nc5 Kd6 61. Nxa6 g5 62. fxg5 fxg5 63. c5+ Ke5 64. c6 Bxc6 65. Bxc6 h4
66. gxh4 gxh4 67. Bd7 1-0

[Event "17. Int. Boeblinger Open"]
[Site "Boeblingen"]
[Date "2000.12.29"]
[Round "6"]
[White "Brodbeck, Stefan"]
[Black "Heinrich, Thomas"]
[Result "1/2-1/2"]
[WhiteElo "2150"]
[BlackElo "2265"]
[PlyCount "94"]
[EventDate "2000.12.26"]

1. e4 Nf6 2. d3 c5 3. g3 Nc6 4. Bg2 g6 5. Nc3 Bg7 6. Nge2 d6 7. Be3 Rb8 8. Qc1
h5 9. f4 h4 10. d4 cxd4 11. Nxd4 hxg3 12. e5 Nxd4 13. Bxd4 Ng4 14. hxg3 Rxh1+
15. Bxh1 Qa5 16. Bd5 e6 17. Bc4 Bd7 18. Qd1 dxe5 19. fxe5 Nxe5 20. Qe2 Nf3+ 21.
Qxf3 Bxd4 22. O-O-O Bxc3 23. Rxd7 Bxb2+ 24. Kb1 Bf6 25. Qxf6 Qe1+ 26. Kb2 Qb4+
27. Kc1 Kxd7 28. Qxf7+ Qe7 29. Bxe6+ Kd6 30. Qf4+ Kxe6 31. Qxb8 Qg5+ 32. Kb1
Qb5+ 33. Kc1 Qf1+ 34. Kb2 Qf6+ 35. Kb1 Qf1+ 36. Kb2 Qb5+ 37. Kc1 a6 38. Qg8+
Kf6 39. Qf8+ Ke5 40. Qg7+ Ke4 41. Qxg6+ Kf3 42. g4 Qf1+ 43. Kb2 Qb5+ 44. Kc3
Qc5+ 45. Kd2 Qe3+ 46. Kd1 Qg1+ 47. Kd2 Qe3+ 1/2-1/2

[Event "17. Int. Boeblinger Open"]
[Site "Boeblingen"]
[Date "2000.12.29"]
[Round "6"]
[White "Dietrich, Ralf"]
[Black "Lomineishvili, Maia"]
[Result "0-1"]
[WhiteElo "2265"]
[BlackElo "2412"]
[PlyCount "102"]
[EventDate "2000.12.26"]

1. e4 c5 2. d4 cxd4 3. c3 Nf6 4. e5 Nd5 5. Nf3 e6 6. cxd4 b6 7. Bd3 Ba6 8. O-O
Be7 9. Nc3 Nxc3 10. bxc3 Bxd3 11. Qxd3 d5 12. exd6 Qxd6 13. Ne5 O-O 14. Bf4 Qd5
15. c4 Qb7 16. Rad1 Nd7 17. Rfe1 Rfd8 18. Nxd7 Rxd7 19. Re3 Bf6 20. Be5 Bxe5
21. Rxe5 Rad8 22. d5 b5 23. cxb5 Rxd5 24. Rxd5 exd5 25. a4 Qb6 26. Qd4 Qxd4 27.
Rxd4 Kf8 28. Kf1 Ke7 29. Rd2 Ke6 30. Rc2 Rd7 31. Ke2 Ke5 32. Kd3 Rb7 33. f4+
Kxf4 34. Kd4 Rd7 35. Rf2+ Kg4 36. a5 h5 37. b6 h4 38. Kc5 axb6+ 39. axb6 f5 40.
Kc6 Rd8 41. b7 f4 42. Kc7 Rf8 43. b8=Q Rxb8 44. Kxb8 d4 45. Kc7 h3 46. Kd6 hxg2
47. Rxg2+ Kf3 48. Rxg7 d3 49. h4 (49. Ke5 Ke3 50. Re7 f3 51. Kd5+ Kd2 52. Rf7
Ke3 $11) 49... d2 50. Rg1 Ke2 51. h5 f3 0-1

[Event "17. Int. Boeblinger Open"]
[Site "Boeblingen"]
[Date "2000.12.29"]
[Round "6"]
[White "Doettling, Fabian"]
[Black "Prestel, Oliver"]
[Result "1-0"]
[WhiteElo "2475"]
[BlackElo "2195"]
[PlyCount "43"]
[EventDate "2000.12.26"]

1. d4 d5 2. c4 e6 3. Nf3 Nf6 4. Nc3 Nbd7 5. cxd5 exd5 6. Bf4 c6 7. e3 Be7 8. h3
Ne4 9. Bd3 g5 10. Bh2 f5 11. Ne5 Ndf6 12. f3 Nd6 13. Qc2 O-O 14. g4 Nfe8 15.
O-O-O Be6 16. Na4 Qc8 17. Nc5 Ng7 18. Kb1 Kh8 19. Bg3 Nc4 20. Nxe6 Qxe6 21.
Nxc4 dxc4 22. Bxc4 1-0

[Event "17. Int. Boeblinger Open"]
[Site "Boeblingen"]
[Date "2000.12.29"]
[Round "6"]
[White "Erlbeck, Peter"]
[Black "Hoeschele, Hans-Ulrich"]
[Result "0-1"]
[WhiteElo "2003"]
[BlackElo "2233"]
[PlyCount "104"]
[EventDate "2000.12.26"]

1. e4 d6 2. d4 Nf6 3. Nc3 Nbd7 4. Nf3 e5 5. Bc4 Be7 6. Bg5 O-O 7. Qd2 c6 8. a4
Nxe4 9. Nxe4 d5 10. Nxe5 Nxe5 11. dxe5 Be6 12. Bd3 dxe4 13. Bxe7 Qxe7 14. Bxe4
Rad8 15. Qe2 Bd5 16. O-O Rfe8 17. Rfe1 f6 18. Qh5 Bxe4 19. Rxe4 Rd5 20. exf6
Qxe4 21. f7+ Kf8 22. fxe8=Q+ Qxe8 23. Qxe8+ Kxe8 24. Kf1 Rd2 25. Rc1 a5 26. Ke1
Rd4 27. b3 Ke7 28. Rd1 Rh4 29. h3 Rb4 30. Rd3 b5 31. axb5 cxb5 32. Kd2 Rf4 33.
f3 Ke6 34. g3 Rf7 35. c4 bxc4 36. bxc4 Ra7 37. Kc3 Rb7 38. Rd5 a4 39. Rb5 Ra7
40. Rb6+ Ke5 41. Kd3 g5 42. Rb2 a3 43. Ra2 Kd6 44. Kd4 h5 45. h4 gxh4 46. gxh4
Kc6 47. f4 Ra5 48. Kc3 Kc5 49. Kb3 Kd4 50. Kb4 Ra8 51. f5 Rb8+ 52. Kxa3 Kc3 0-1

[Event "17. Int. Boeblinger Open"]
[Site "Boeblingen"]
[Date "2000.12.29"]
[Round "6"]
[White "Fahnenschmidt, Gerhard"]
[Black "Buchele, Sidonia"]
[Result "1-0"]
[WhiteElo "2262"]
[BlackElo "1904"]
[PlyCount "91"]
[EventDate "2000.12.26"]

1. c4 e6 2. Nf3 Nf6 3. g3 Be7 4. Bg2 O-O 5. O-O d5 6. b3 Nbd7 7. Bb2 Ne4 8. Qc2
Bf6 9. d4 c6 10. Nc3 Nxc3 11. Bxc3 Rb8 12. e4 dxe4 13. Qxe4 c5 14. Rac1 b6 15.
Rfd1 Bb7 16. Qf4 cxd4 17. Bxd4 Qe7 18. Qc7 Qa3 19. Qxd7 Bxf3 20. Bxf6 Bxd1 21.
Qxd1 gxf6 22. Qg4+ Kh8 23. Qf4 Qb2 24. c5 bxc5 25. Rxc5 Qa1+ 26. Bf1 f5 27. Kg2
Rbc8 28. Ra5 Rc1 29. Qh6 Rg8 30. Be2 Rh1 31. Rxa7 Rc8 32. Re7 Rd8 33. Rxf7 Qg1+
34. Kf3 Rd3+ 35. Bxd3 Qd1+ 36. Be2 Qd5+ 37. Ke3 Qc5+ 38. Kd3 Qb5+ 39. Kd2 Qa5+
40. Kd3 Qb5+ 41. Kc3 Qe5+ 42. Kb4 Qd6+ 43. Ka4 Qc6+ 44. Bb5 Qa8+ 45. Kb4 Qe4+
46. Ka3 1-0

[Event "17. Int. Boeblinger Open"]
[Site "Boeblingen"]
[Date "2000.12.29"]
[Round "6"]
[White "Florea, Dan"]
[Black "Meijers, Viesturs"]
[Result "1-0"]
[WhiteElo "2298"]
[BlackElo "2464"]
[PlyCount "99"]
[EventDate "2000.12.26"]

1. d4 Nf6 2. c4 e6 3. Nc3 d5 4. cxd5 exd5 5. Bg5 Be7 6. e3 Nbd7 7. Bd3 O-O 8.
Nf3 b6 9. O-O Bb7 10. Rc1 a6 11. Qc2 Re8 12. Rfd1 Nf8 13. Na4 Bd6 14. Ne5 h6
15. Bh4 g5 16. Bg3 c5 17. Nxb6 c4 18. Nxa8 cxd3 19. Qxd3 Ne6 20. Qf5 Bxa8 21.
h4 Ng7 22. Qf3 Qe7 23. hxg5 hxg5 24. Nc6 Bxc6 25. Rxc6 Rd8 26. Rdc1 Ne4 27.
Bxd6 Nxd6 28. Qxd5 g4 29. Qe5 Qd7 30. Rxa6 Ngf5 31. g3 Re8 32. Qf4 Re6 33.
Qxg4+ Kh7 34. Rac6 Rg6 35. Qh3+ Kg7 36. R1c5 Qe8 37. Rxd6 Nxd6 38. Qh5 Kg8 39.
Qe5 Re6 40. Qg5+ Rg6 41. Qf4 Qa8 42. Rg5 Nc4 43. Rxg6+ fxg6 44. Qf6 Qe8 45. b4
Nd2 46. d5 Kh7 47. d6 Qc6 48. Qf7+ Kh6 49. d7 Qc1+ 50. Kh2 1-0

[Event "17. Int. Boeblinger Open"]
[Site "Boeblingen"]
[Date "2000.12.29"]
[Round "6"]
[White "Gheng, Josef"]
[Black "Klovans, Janis"]
[Result "0-1"]
[WhiteElo "2321"]
[BlackElo "2466"]
[PlyCount "78"]
[EventDate "2000.12.26"]

1. e4 e5 2. Nf3 Nc6 3. Bc4 Nf6 4. Ng5 d5 5. exd5 Na5 6. Bb5+ c6 7. dxc6 bxc6 8.
Be2 h6 9. Nh3 Bc5 10. d3 O-O 11. Nc3 Nb7 12. Be3 Bxe3 13. fxe3 Bxh3 14. gxh3
Nd5 15. Nxd5 Qh4+ 16. Kd2 cxd5 17. Qe1 Qb4+ 18. Kc1 Qb6 19. Qg3 Nd6 20. Rf1
Rfc8 21. Qxe5 Re8 22. Qf4 Rxe3 23. Bf3 Rae8 24. b4 g5 25. Qg4 Re1+ 26. Kb2 Nc4+
27. Kc3 Rxf1 28. Rxf1 Ne3 29. Bxd5 Nxd5+ 30. Kb3 Rb8 31. Qc4 Qb7 32. Qe4 Qc6
33. a3 Qc3+ 34. Ka2 Qxc2+ 35. Ka1 Qb3 36. Qc4 Qxa3+ 37. Qa2 Qxb4 38. Rb1 Qc3+
39. Rb2 Nf4 0-1

[Event "17. Int. Boeblinger Open"]
[Site "Boeblingen"]
[Date "2000.12.29"]
[Round "6"]
[White "Gross, Stefan"]
[Black "Soergel, Frank"]
[Result "1-0"]
[WhiteElo "2372"]
[BlackElo "2190"]
[PlyCount "57"]
[EventDate "2000.12.26"]

1. e4 c5 2. Nf3 d6 3. d4 cxd4 4. Nxd4 Nf6 5. Nc3 g6 6. Bc4 Bg7 7. h3 O-O 8. Bb3
Nc6 9. Be3 Bd7 10. O-O a6 11. Re1 b5 12. Nxc6 Bxc6 13. Bg5 e6 14. a3 Qc7 15.
Qd3 Qb7 16. Rad1 Rfd8 17. Qf3 Qe7 18. Qf4 Rd7 19. Qh4 h6 20. Bxh6 Bxh6 21. Qxh6
a5 22. Bd5 Rc8 23. Bxc6 Rxc6 24. Qg5 b4 25. Qxa5 Ra7 26. Qxb4 Rb7 27. Qa4 Qc7
28. Nb5 Qb6 29. c4 1-0

[Event "17. Int. Boeblinger Open"]
[Site "Boeblingen"]
[Date "2000.12.29"]
[Round "6"]
[White "Heinrich, Stefanie"]
[Black "Schlecht, Daniel"]
[Result "0-1"]
[WhiteElo "2176"]
[BlackElo "2348"]
[PlyCount "78"]
[EventDate "2000.12.26"]

1. Nf3 d5 2. g3 Nf6 3. Bg2 c6 4. O-O Bg4 5. d3 Nbd7 6. Nbd2 e5 7. e4 dxe4 8.
dxe4 Qc7 9. Qe2 Be7 10. h3 Bh5 11. b3 O-O 12. Bb2 Rfe8 13. g4 Bg6 14. Nh2 Nc5
15. h4 h5 16. g5 Nfd7 17. Bh3 Bf8 18. Bf5 Ne6 19. Bxg6 fxg6 20. Nc4 b5 21. Ne3
Bc5 22. Ng2 Rf8 23. c3 Rf7 24. Bc1 Raf8 25. Be3 Bxe3 26. Qxe3 a5 27. Rad1 Ndc5
28. Rd2 b4 29. Rc1 bxc3 30. Rxc3 Nb7 31. Kh1 Nd6 32. Rcd3 Nb5 33. Kg1 Nbd4 34.
Rc3 Nf4 35. Nxf4 Rxf4 36. Rxd4 exd4 37. Qxd4 Rxf2 38. Qxf2 Rxf2 39. Kxf2 Qxh2+
0-1

[Event "17. Int. Boeblinger Open"]
[Site "Boeblingen"]
[Date "2000.12.29"]
[Round "6"]
[White "Holzinger, Eugen"]
[Black "Koehler, Ronald"]
[Result "0-1"]
[WhiteElo "2026"]
[BlackElo "2255"]
[PlyCount "60"]
[EventDate "2000.12.26"]

1. Nf3 c5 2. e4 Nc6 3. d3 g6 4. g3 Bg7 5. Bg2 d6 6. Nbd2 e5 7. O-O Nge7 8. a4
h6 9. Nc4 Be6 10. Be3 O-O 11. Qd2 Kh7 12. c3 Qd7 13. b3 f5 14. Rad1 Rad8 15.
Ne1 b6 16. f4 exf4 17. Bxf4 d5 18. exd5 Nxd5 19. Rc1 Rfe8 20. h4 Nxf4 21. Qxf4
Ne7 22. Rc2 Nd5 23. Bxd5 Qxd5 24. h5 g5 25. Qf3 Qxf3 26. Nxf3 Rxd3 27. Re2 Bf7
28. Nfe5 Bxh5 29. Nxd3 Bxe2 30. Re1 Bxc3 0-1

[Event "17. Int. Boeblinger Open"]
[Site "Boeblingen"]
[Date "2000.12.29"]
[Round "6"]
[White "Huber, Martin"]
[Black "Lehnert, Thomas"]
[Result "1-0"]
[WhiteElo "2212"]
[BlackElo "2146"]
[PlyCount "111"]
[EventDate "2000.12.26"]

1. d4 g6 2. c4 Bg7 3. Nc3 d6 4. e4 Nc6 5. Be3 e5 6. Nge2 f5 7. exf5 Bxf5 8. d5
Nce7 9. Ng3 Nf6 10. Be2 O-O 11. Rc1 c5 12. dxc6 bxc6 13. O-O Qd7 14. b4 Kh8 15.
b5 c5 16. Bf3 Bg4 17. Bxg4 Nxg4 18. Bxc5 Rfd8 19. Bxd6 Nxf2 20. Rxf2 Qxd6 21.
Qxd6 Rxd6 22. Nge4 Rd4 23. c5 Rc4 24. Rd1 Nf5 25. Rd7 Bf8 26. g4 Bxc5 27. gxf5
Bxf2+ 28. Kxf2 gxf5 29. Nf6 Rh4 30. Kg3 Rh6 31. Rf7 Rg6+ 32. Kf3 Rg7 33. Rxg7
Kxg7 34. Nfd5 Rc8 35. a4 Kf7 36. a5 Ke6 37. a6 Rb8 38. b6 axb6 39. a7 Rc8 40.
a8=Q Rxa8 41. Nc7+ Kd6 42. Nxa8 Kc5 43. Nxb6 Kxb6 44. Nd5+ Kc5 45. Ne7 f4 46.
Ke4 Kd6 47. Nf5+ Ke6 48. Nh4 Kf6 49. Nf3 h6 50. Nxe5 Kg5 51. Nd3 Kh4 52. Nxf4
h5 53. Kf3 Kg5 54. Ng2 h4 55. Ne3 Kh5 56. Kf4 1-0

[Event "17. Int. Boeblinger Open"]
[Site "Boeblingen"]
[Date "2000.12.29"]
[Round "6"]
[White "Jobava, Baadur"]
[Black "Vehreschild, Axel"]
[Result "1-0"]
[WhiteElo "2503"]
[BlackElo "2122"]
[PlyCount "61"]
[EventDate "2000.12.26"]

1. d4 Nf6 2. c4 g6 3. g3 d5 4. cxd5 Qxd5 5. Nf3 Bg7 6. Bg2 O-O 7. O-O c6 8. Nc3
Qa5 9. Qb3 Nbd7 10. e4 Nb6 11. h3 Be6 12. Qc2 Rad8 13. Rd1 Bc8 14. b3 h6 15.
Bd2 Qh5 16. e5 Bxh3 17. exf6 Bxf6 18. Bxh3 Qxh3 19. Bf4 Bg7 20. Be5 Nd5 21.
Bxg7 Kxg7 22. Ne5 h5 23. Nxd5 Rxd5 24. Rd3 c5 25. Qc3 cxd4 26. Rxd4 Rxe5 27.
Rh4 Qe6 28. f4 g5 29. Rh2 gxf4 30. gxf4 Kh6 31. Rg2 1-0

[Event "17. Int. Boeblinger Open"]
[Site "Boeblingen"]
[Date "2000.12.29"]
[Round "6"]
[White "Junesch, Gerhard"]
[Black "Dunsbach, Ralf"]
[Result "1/2-1/2"]
[WhiteElo "2245"]
[BlackElo "2330"]
[PlyCount "78"]
[EventDate "2000.12.26"]

1. Nf3 Nf6 2. c4 g6 3. Nc3 d5 4. cxd5 Nxd5 5. Qa4+ Bd7 6. Qh4 Nxc3 7. dxc3 Nc6
8. Qg3 f6 9. h4 e5 10. h5 g5 11. e4 h6 12. Be2 Bd6 13. Nh2 Qe7 14. Bg4 O-O-O
15. Qf3 Rdf8 16. Bf5 Bxf5 17. Qxf5+ Qd7 18. g4 Ne7 19. Qf3 Qb5 20. Nf1 Rf7 21.
a4 Qc6 22. Ng3 Qc4 23. Qe2 Qxe2+ 24. Kxe2 Rd8 25. Be3 a6 26. Rhc1 a5 27. Rd1
Nc6 28. Nf5 Bf8 29. Rxd8+ Kxd8 30. Rd1+ Kc8 31. Rd5 b6 32. Rd3 Rd7 33. Rxd7
Kxd7 34. Kd3 Ne7 35. f3 Nxf5 36. gxf5 c5 37. b4 Kc6 38. b5+ Kd6 39. Kc4 Be7
1/2-1/2

[Event "17. Int. Boeblinger Open"]
[Site "Boeblingen"]
[Date "2000.12.29"]
[Round "6"]
[White "Kalod, Radek"]
[Black "Delemarre, Jop"]
[Result "1-0"]
[WhiteElo "2466"]
[BlackElo "2347"]
[PlyCount "61"]
[EventDate "2000.12.26"]

1. e4 d6 2. d4 Nf6 3. Nc3 g6 4. Nf3 Bg7 5. h3 O-O 6. Be3 c6 7. a4 Qa5 8. Nd2
Qc7 9. a5 e5 10. dxe5 dxe5 11. Bc4 Rd8 12. O-O Nbd7 13. b4 b5 14. axb6 Nxb6 15.
Bb3 Bb7 16. Qb1 Bf8 17. Nf3 h6 18. Ra5 Re8 19. Re1 Kh7 20. Ba2 Bc8 21. Bxb6
Qxb6 22. Bxf7 Bxb4 23. Ra4 Bxc3 24. Qxb6 axb6 25. Rxa8 Re7 26. Re3 Bb7 27. Ra7
Bd4 28. Nxd4 exd4 29. Rb3 b5 30. e5 Rxf7 31. Rf3 1-0

[Event "17. Int. Boeblinger Open"]
[Site "Boeblingen"]
[Date "2000.12.29"]
[Round "6"]
[White "Kapic, Ibrahim"]
[Black "Haub, Thorsten-Michael"]
[Result "1/2-1/2"]
[WhiteElo "2190"]
[BlackElo "2370"]
[PlyCount "70"]
[EventDate "2000.12.26"]

1. e4 g6 2. d4 Bg7 3. Nf3 d6 4. Be2 e6 5. O-O Ne7 6. c3 O-O 7. Bf4 h6 8. h4 Nd7
9. Nbd2 f5 10. Qb3 Nf6 11. exf5 gxf5 12. Bc4 Ned5 13. Bh2 Qe8 14. Rfe1 Qf7 15.
Nf1 Ng4 16. Bxd5 exd5 17. Bf4 b6 18. Ne3 Bb7 19. Qc2 Rae8 20. Nf1 Nf6 21. Rxe8
Qxe8 22. Re1 Ne4 23. N3h2 Qg6 24. f3 Nf6 25. Ng3 Nh5 26. Nxh5 Qxh5 27. g3 Qf7
28. Qe2 Bc6 29. Qe6 Re8 30. Qxf7+ Kxf7 31. Rxe8 Bxe8 32. Kf2 Ke6 33. Ke3 Bb5
34. g4 Bc4 35. a3 Bb5 1/2-1/2

[Event "17. Int. Boeblinger Open"]
[Site "Boeblingen"]
[Date "2000.12.29"]
[Round "6"]
[White "Kercher, Peter"]
[Black "Michalczak, Thomas"]
[Result "1/2-1/2"]
[WhiteElo "2169"]
[BlackElo "2282"]
[PlyCount "88"]
[EventDate "2000.12.26"]

1. e4 e5 2. Nf3 Nc6 3. Bb5 a6 4. Ba4 Nf6 5. O-O Be7 6. Re1 b5 7. Bb3 d6 8. c3
O-O 9. h3 Nb8 10. d4 Nbd7 11. Nbd2 Bb7 12. Bc2 Re8 13. Nf1 Bf8 14. Ng3 c5 15.
d5 c4 16. Be3 Qc7 17. a4 Kh8 18. Qe2 Nc5 19. Nd2 Rab8 20. axb5 axb5 21. Ra3 Bc8
22. Rea1 Bd7 23. Bxc5 dxc5 24. Ra7 Rb7 25. Rxb7 Qxb7 26. Qd1 Ra8 27. Qb1 Ra6
28. Bd1 g6 29. Be2 h5 30. Ngf1 Ne8 31. f3 Bh6 32. Kf2 Nd6 33. Ne3 Kg7 34. Ra3
Qa8 35. Qa2 Rxa3 36. Qxa3 Qxa3 37. bxa3 f6 38. g4 h4 39. a4 b4 40. Ndxc4 Nxc4
41. Bxc4 Bxa4 42. cxb4 cxb4 43. Ke2 Kf7 44. d6+ Ke8 1/2-1/2

[Event "17. Int. Boeblinger Open"]
[Site "Boeblingen"]
[Date "2000.12.29"]
[Round "6"]
[White "Kranzl, Peter"]
[Black "Zeller, Frank"]
[Result "1/2-1/2"]
[WhiteElo "2268"]
[BlackElo "2434"]
[PlyCount "83"]
[EventDate "2000.12.26"]

1. e4 c5 2. c3 b6 3. d4 Bb7 4. Bd3 Nf6 5. f3 cxd4 6. cxd4 Nc6 7. Ne2 e5 8. d5
Nb4 9. O-O Bc5+ 10. Kh1 Nxd3 11. Qxd3 O-O 12. Nbc3 Ne8 13. Na4 Bd6 14. Be3 Nc7
15. Rfc1 Qe7 16. Qb3 Ba6 17. Rc2 Rfc8 18. Rac1 Rab8 19. Ng3 g6 20. Nf1 Qd8 21.
Nd2 Ne8 22. Rxc8 Rxc8 23. Rxc8 Qxc8 24. Qc3 Qxc3 25. Nxc3 f5 26. g3 Nf6 27. a3
Bd3 28. Kg2 Kf7 29. h3 h5 30. h4 Nh7 31. Nd1 Be7 32. Nf2 Be2 33. Nh3 Bb5 34.
Nb1 Bd3 35. Nc3 Bd8 36. Nf2 Bc4 37. Nh3 Ke8 38. Nb1 a6 39. Nc3 b5 40. Bc5 a5
41. Bd6 Bf6 42. Nb1 1/2-1/2

[Event "17. Int. Boeblinger Open"]
[Site "Boeblingen"]
[Date "2000.12.29"]
[Round "6"]
[White "Lindemann, Stefan"]
[Black "Hellmayr, Alois"]
[Result "1-0"]
[WhiteElo "2348"]
[BlackElo "2263"]
[PlyCount "67"]
[EventDate "2000.12.26"]

1. d4 g6 2. e4 Bg7 3. Nc3 d6 4. f4 c6 5. Be3 d5 6. e5 h5 7. g3 Nh6 8. h3 Be6 9.
Nf3 Qd7 10. Qd2 b5 11. a4 b4 12. Na2 a5 13. Nc1 Bf5 14. Nb3 e6 15. Be2 Qd8 16.
O-O-O Nd7 17. Rdg1 Nb6 18. Nc5 Nc4 19. Bxc4 dxc4 20. Qe2 Qd5 21. Nd2 c3 22. Nc4
cxb2+ 23. Kxb2 Ra7 24. Rh2 Kf8 25. Nd6 f6 26. g4 fxe5 27. fxe5 Bxe5 28. Bxh6+
Rxh6 29. Qxe5 Qxe5 30. dxe5 hxg4 31. hxg4 Rxh2 32. gxf5 Rah7 33. f6 Rf2 34.
Rxg6 1-0

[Event "17. Int. Boeblinger Open"]
[Site "Boeblingen"]
[Date "2000.12.29"]
[Round "6"]
[White "Namyslo, Holger"]
[Black "Sarec, Ivica"]
[Result "1-0"]
[WhiteElo "2328"]
[BlackElo "2065"]
[PlyCount "43"]
[EventDate "2000.12.26"]

1. e4 c5 2. Nf3 Nf6 3. e5 Nd5 4. Nc3 e6 5. Nxd5 exd5 6. d4 Nc6 7. dxc5 Bxc5 8.
Qxd5 d6 9. exd6 Qb6 10. Qe4+ Be6 11. Qh4 Bxd6 12. Bd3 Nb4 13. O-O Nxd3 14. cxd3
Be7 15. Bg5 f6 16. Be3 Qa6 17. Nd4 Bd7 18. Qe4 g6 19. Rfe1 Rf8 20. Bd2 Rf7 21.
Bb4 f5 22. Qe5 1-0

[Event "17. Int. Boeblinger Open"]
[Site "Boeblingen"]
[Date "2000.12.29"]
[Round "6"]
[White "Niklasch, Oliver"]
[Black "Lasslop, Uwe"]
[Result "1-0"]
[WhiteElo "2363"]
[BlackElo "2181"]
[PlyCount "53"]
[EventDate "2000.12.26"]

1. d4 Nf6 2. c4 g6 3. g3 Bg7 4. Bg2 d6 5. Nf3 O-O 6. O-O Nbd7 7. Nc3 e5 8. h3
c6 9. e4 Qb6 10. Re1 exd4 11. Nxd4 Re8 12. Na4 Qc7 13. Bf4 Ne5 14. Rc1 Nfd7 15.
b4 Nb6 16. Nb2 Nbd7 17. Be3 Nf8 18. f4 Ned7 19. Qd2 a5 20. b5 c5 21. b6 Qxb6
22. Nb5 Ne6 23. Na4 Qd8 24. Nxd6 Rf8 25. e5 Qc7 26. Rb1 Ra7 27. Nb5 1-0

[Event "17. Int. Boeblinger Open"]
[Site "Boeblingen"]
[Date "2000.12.29"]
[Round "6"]
[White "Pelt, Alexander"]
[Black "Scholz, Christian"]
[Result "0-1"]
[WhiteElo "2105"]
[BlackElo "2324"]
[PlyCount "68"]
[EventDate "2000.12.26"]

1. e4 c5 2. Nf3 d6 3. d4 cxd4 4. Nxd4 Nf6 5. Nc3 a6 6. Be3 e5 7. Nb3 Be6 8. Be2
Nbd7 9. O-O Be7 10. f4 Rc8 11. f5 Bc4 12. Bxc4 Rxc4 13. Qe2 Qc7 14. Bf2 b5 15.
a3 Nb6 16. Na5 Rxc3 17. bxc3 Na4 18. Nb3 Nxc3 19. Qd3 Nfxe4 20. Be1 O-O 21. Rf3
Rc8 22. h4 d5 23. g4 a5 24. Qf1 a4 25. Nc1 Bxa3 26. Nd3 Bd6 27. g5 b4 28. f6 g6
29. Qg2 Qd7 30. Kh1 a3 31. Rh3 Rc4 32. h5 Nxg5 33. hxg6 Qxh3+ 34. Qxh3 Nxh3 0-1

[Event "17. Int. Boeblinger Open"]
[Site "Boeblingen"]
[Date "2000.12.29"]
[Round "6"]
[White "Reljic, Radomir"]
[Black "Werner, Clemens"]
[Result "1/2-1/2"]
[WhiteElo "2247"]
[BlackElo "2347"]
[PlyCount "24"]
[EventDate "2000.12.26"]

1. Nf3 Nf6 2. g3 b6 3. Bg2 Bb7 4. O-O c5 5. c4 e6 6. Nc3 Be7 7. d4 cxd4 8. Nxd4
Bxg2 9. Kxg2 Qc8 10. Qd3 O-O 11. Qf3 Nc6 12. Nxc6 Qxc6 1/2-1/2

[Event "17. Int. Boeblinger Open"]
[Site "Boeblingen"]
[Date "2000.12.29"]
[Round "6"]
[White "Schemm, Heiko"]
[Black "Schaefer, Michael"]
[Result "1/2-1/2"]
[WhiteElo "1942"]
[BlackElo "2221"]
[PlyCount "30"]
[EventDate "2000.12.26"]

1. d4 Nf6 2. Nf3 g6 3. Nbd2 d5 4. g3 Bg7 5. Bg2 c5 6. dxc5 Qa5 7. c3 Qxc5 8.
Nb3 Qb6 9. Be3 Qd8 10. O-O O-O 11. Bc5 Nc6 12. Nfd2 Bf5 13. Nd4 Nxd4 14. Bxd4
Re8 15. Be5 e6 1/2-1/2

[Event "17. Int. Boeblinger Open"]
[Site "Boeblingen"]
[Date "2000.12.29"]
[Round "6"]
[White "Schmidt-Schaeffer, Sebastian"]
[Black "Atalik, Suat"]
[Result "1/2-1/2"]
[WhiteElo "2314"]
[BlackElo "2552"]
[PlyCount "89"]
[EventDate "2000.12.26"]

1. e4 c5 2. Nf3 Nc6 3. d4 cxd4 4. Nxd4 Nf6 5. Nc3 d6 6. Bg5 e6 7. Qd2 a6 8.
O-O-O Bd7 9. f4 b5 10. Nxc6 Bxc6 11. Qe3 Be7 12. Bxf6 Bxf6 13. e5 Be7 14. exd6
Bxd6 15. Ne4 Bxe4 16. Qxe4 O-O 17. Bd3 g6 18. h4 Qf6 19. g3 Rfd8 20. h5 Bf8 21.
hxg6 hxg6 22. Be2 Ba3 23. Qe5 Qxe5 24. fxe5 Bf8 25. Bf3 Rab8 26. c3 Rdc8 27.
Rd7 b4 28. Bb7 Rc5 29. Rf1 bxc3 30. bxc3 Bh6+ 31. Kc2 Rf8 32. Bxa6 Ra5 33. Bc4
Rxe5 34. a4 Bg7 35. Kd3 Rg5 36. Rf3 Rc5 37. Rfxf7 Rxf7 38. Bxe6 Rxc3+ 39. Ke4
Rcf3 40. Rxf7 Rxf7 41. a5 Bf8 42. Kd5 Bh6 43. Ke4 Bf8 44. Kd5 Bh6 45. Ke4
1/2-1/2

[Event "17. Int. Boeblinger Open"]
[Site "Boeblingen"]
[Date "2000.12.29"]
[Round "6"]
[White "Schneider, Heiko"]
[Black "Niemers, Johannes"]
[Result "1-0"]
[WhiteElo "2277"]
[BlackElo "2022"]
[PlyCount "49"]
[EventDate "2000.12.26"]

1. e4 e5 2. Nf3 Nc6 3. Nc3 Bb4 4. Nd5 Ba5 5. Bc4 d6 6. O-O Bg4 7. h3 h5 8. c3
Bxf3 9. Qxf3 Nf6 10. a4 Bb6 11. d4 exd4 12. Bg5 Ne5 13. Qf5 Nxc4 14. Nxf6+ gxf6
15. Bxf6 Qd7 16. Bxh8 Qxf5 17. exf5 dxc3 18. Bxc3 a5 19. Rfe1+ Kd7 20. f6 Re8
21. Rxe8 Kxe8 22. Re1+ Kf8 23. b3 Na3 24. Rc1 Ke8 25. Bb2 1-0

[Event "17. Int. Boeblinger Open"]
[Site "Boeblingen"]
[Date "2000.12.29"]
[Round "6"]
[White "Schuster, Gerhard"]
[Black "Becking, Stephan"]
[Result "0-1"]
[WhiteElo "2154"]
[BlackElo "2275"]
[PlyCount "50"]
[EventDate "2000.12.26"]

1. e4 e6 2. d4 d5 3. Nc3 Nf6 4. Bg5 Be7 5. e5 Nfd7 6. Bxe7 Qxe7 7. f4 a6 8. Nf3
c5 9. Bd3 Nc6 10. dxc5 Qxc5 11. Qd2 f6 12. exf6 gxf6 13. O-O-O Nb6 14. Rhe1 Bd7
15. Bf5 O-O-O 16. Bxe6 Bxe6 17. Rxe6 Nc4 18. Na4 Qb5 19. Qc3 Qxa4 20. b3 Qa3+
21. Kb1 Kb8 22. Rd3 Nd6 23. Qxf6 Ne4 24. Qb2 Qxb2+ 25. Kxb2 Nc5 0-1

[Event "17. Int. Boeblinger Open"]
[Site "Boeblingen"]
[Date "2000.12.29"]
[Round "6"]
[White "Steinmueller, Alexander"]
[Black "Hoen, Lothar"]
[Result "1/2-1/2"]
[WhiteElo "2000"]
[BlackElo "2224"]
[PlyCount "54"]
[EventDate "2000.12.26"]

1. e4 c5 2. Nf3 e6 3. c3 Nc6 4. Bb5 a6 5. Bxc6 dxc6 6. Qe2 b5 7. d3 Ne7 8. O-O
Ng6 9. Re1 Be7 10. Be3 O-O 11. Nbd2 a5 12. a4 Qb6 13. e5 Qc7 14. Ne4 Nxe5 15.
Nxc5 Ng4 16. Bd4 Rd8 17. Qe4 f5 18. Qe2 e5 19. Bxe5 Nxe5 20. Qxe5 Bd6 21. Qe3
f4 22. Qd4 Be7 23. Qe5 Bd6 24. Qg5 Be7 25. Qe5 Bd6 26. Qg5 Be7 27. Qe5 Bd6
1/2-1/2

[Event "17. Int. Boeblinger Open"]
[Site "Boeblingen"]
[Date "2000.12.29"]
[Round "6"]
[White "Thiele, Andreas"]
[Black "Ortmann, David"]
[Result "0-1"]
[WhiteElo "1921"]
[BlackElo "2198"]
[PlyCount "60"]
[EventDate "2000.12.26"]

1. e4 c5 2. Nc3 Nc6 3. g3 Nf6 4. Bg2 e6 5. Nge2 Be7 6. O-O O-O 7. f4 d5 8. e5
Nd7 9. d3 Rb8 10. a4 a6 11. Kh1 b5 12. axb5 axb5 13. b3 b4 14. Nb1 f6 15. exf6
Bxf6 16. Ra2 Nd4 17. Nd2 Nb5 18. Nf3 Bb7 19. Bb2 d4 20. g4 Nb6 21. Bc1 Nd5 22.
Qe1 Qc7 23. Ng3 Nbc3 24. Qxe6+ Kh8 25. Ra7 Rbe8 26. Rxb7 Qxb7 27. Qd6 Rd8 28.
Qxc5 Rc8 29. Qa5 Ra8 30. Qc5 Rfc8 0-1